000 00630nam a2200229Ia 4500
003 OSt
005 20220918183905.0
006 a|||||r|||| 00| 0
007 ta
008 220917b |||||||| |||| 00| 0 eng d
024 _a42,027
037 _cTextual
040 _aARTS
_cARTS
_beng
041 _2eng
_aeng
082 _aO153:1:9N, 111K0 (O44)
100 _aAhluwalia Jasbir S
_963819
245 0 _aTradition and experiment in modern Punjabi poetry
260 _c1960
650 _aENGLISH LITERATURE
942 _hO153:1:9N, 111K0 (O44)
_cTEXL
_2CC
999 _c174179
_d174179